00330pab a2200133 454500008004000000100001800040245003700058260000900095300001300104362000800117650002700125650001800152773002600170180718b1996 xxu||||| |||| 00| 0 eng d aFoster, Devek aLabour and public service reform c1996 ap.256-61 aApr aLabour - Great Britain aCivil service aParliamentary Affairs